000
00338nam a2200133Ia 4500
008
220216s9999 xx 000 0 und d
100
_a
Hajra N G
245
0
_a
Studies on the effect of chemical mutagens in rubber
260
_b
Phytobreedon
_c
1986
300
_a
1985-1991
700
_a
Potty S N
700
_a
Sethuraj M R
942
_c
JS
999
_c
69687
_d
69687